• 首页
  • 本馆介绍
  • 公告通知
  • 最新文献
  • 馆藏检索
  • 电子资源
  • 读者导购
  • 参考咨询
  • 我的图书馆
  • 登录
  • 详细信息显示
  • 放入我的书架
  • 预约/预借图书
  • 作者相关作品
  • 分类相关作品
  • 丛书相关作品
  • 出版社相关作品

书目信息

  • 表格格式
  • 工作单格式
  • 卡片格式
题名:
西周政治地理结构研究
    
 
作者: 王健 著
分册:  
出版信息: 郑州   中州古籍出版社  2004
页数: 443页
开本: 21cm
丛书名: 学人文库
单 册:
中图分类: K901.4
科图分类:
主题词: 政治地理--研究--中国--西周时代
电子资源:
ISBN: 7-5348-2287-4
000 00932oam2 2200277 45
001 0900000036303
005 20060105160524.15
010    @a7-5348-2287-4@dCNY28.00
092    @aCN
100    @a20050705d2004 ekmy0chiy0120 ea
101 0  @achi
102    @aCN@b410000
105    @ay az 000yy
200 1  @a西周政治地理结构研究@9xi zhou zheng zhi di li jie gou yan jiu@f王健著@Fwang jian zhu
210    @a郑州@c中州古籍出版社@d2004
215    @a443页@d21cm
225 2  @a学人文库
320    @a有书目:第425-440页
330    @a本书以西周政治制度为议题,而其要意仍在探讨中国古代政治制度(主要是国家制度)由其形成初期的发展而带来的特点,书中讨论的重心是周代国家制度中中央与地方关系的性质及其表现形式。
461  0 @12001 @a学人文库
606 0  @a政治地理@x研究@y中国@z西周时代
690    @aK901.4@v4
701  0 @a王健@Awang jian@4著
801  0 @aCN@bCXYBOOK@c20060105
905    @a10447@dK901.4@e109
999    @aAFJ@eJDD
    
    西周政治地理结构研究/王健著.-郑州:中州古籍出版社,2004
    443页;21cm.-(学人文库)
    
    
    ISBN 7-5348-2287-4:CNY28.00
    本书以西周政治制度为议题,而其要意仍在探讨中国古代政治制度(主要是国家制度)由其形成初期的发展而带来的特点,书中讨论的重心是周代国家制度中中央与地方关系的性质及其表现形式。
●
相关链接 在E读中查询图书 在五车中查询图书 在当当中查询图书 在豆瓣中查询图书


正题名:西周政治地理结构研究     索取号:K901.4/109         预约/预借

序号 登录号 条形码 馆藏地/架位号 状态 备注
1 0373976   203739767   第二样本阅览室/ [索取号:K901.4/109] 在馆    
2 0373977   203739776   第二借阅区/ [索取号:K901.4/109] 在馆    
3 0373978   203739785   第二借阅区/ [索取号:K901.4/109] 已借出,限还日期为2026.06.15
借出人:王馨乐  
 
4 0373979   203739794   第二借阅区/ [索取号:K901.4/109] 已借出,限还日期为2026.03.16
借出人:邓伟权  
 
5 0373980   203739801   第二借阅区/ [索取号:K901.4/109] 在馆    
唐山师范学院图书馆 欢迎您!
大连网信软件有限公司© 版权所有